Countries Recognizing Uyghur Genocide - Statistics

General Stats
  • This quiz has been taken 189 times
    127 since last reset
  • The average score is 4 of 7
Answer Stats
Date of Recognition Country % Correct
January 19, 2021 United States
99%
April 22, 2021 United Kingdom
97%
February 22, 2021 Canada
88%
January 20, 2022 France
88%
February 25, 2021 Netherlands
33%
May 20, 2021 Lithuania
12%
June 14, 2021 Czechia
7%
No matching quizzes found
Score Distribution
Percent of People with Each Score
Percentile by Number Answered
Your Score History
You have not taken this quiz since the last reset